1681 1837 1492 1532 1455 1842 1239 1574 1393 1363 1947 1417 1187 1068 1500 1711 1564 1177 1284 1688 1781 1137 1199 1541 1731 1480 1671 1546 1001 1154 1898 1682 1413 1518 1569 1436 1735 1369 1285 1526 1815 1695 1904 1344 1856 1407 1363 1215 1949 1473 1938 1867 1483 1607 1146 1785 1139 1446 1721 1950 1288 1329 1445 1427 1276 1911 1810 1887 1013 1060 1626 1120 1324 1809 1357 1621 1114 1296 1495 1953 1624 1986 1641 1726 1366 1814 1631 1758 1500 1000 1324 1502 1572 1998 1522 1838 1814 1579 1696 BCNSPRNW ULIB Ver.6.0+V

เปลี่ยนเป็นภาษาไทย

Change to English
 แสดงรายละเอียดบรรณานุกรม
  กลับหน้าหลัก

Brief Record : Get Marc (ISO 2709) : E-mail record : QR code < ปิดหน้าต่าง
LEADER : 00000nam 2200000uu 4500
001    13399124515
003     ULIB
008    150818s2553 th a 000 0 tha d
020    9789747074161
020    9747074168
090    นว.^bป553ด
100    กิ่งฉัตร
245    ด้วยแรงอธิษฐาน/^cกิ่งฉัตร
250    พิมพ์ครั้งที่ 11
260    กรุงเทพฯ :^bอรุณ,^c2553
300    726 หน้า;^b18.5 ซม.
500    นวนิยายลำดับที่ 29
710    อรุณ
945    ^p385^l0^i23107
999    ^aทศพร เกษรทอง
รายการนี้ยังไม่มีแท็ก
คุณยังไม่ได้ล็อกอิน คุณสามารถมีกิจกรรมร่วมกับเว็บไซต์ได้ แต่ต้องล็อกอินก่อน ::
  ล็อกอิน

รายการสื่อสารสนเทศ

ลำดับที่ ประเภท เลขเรียก/บาร์โค้ด สถานที่ สถานะ
1. นวนิยาย
นวนิยาย
นว. ป553ด ฉ.1 
  Barcode: 23107
ห้องสมุดวิทยาเขตนครสวรรค์
►นวนิยาย:l:Fiction
บนชั้น

รายการใกล้เคียง
    ผู้แต่ง [กิ่งฉัตร]

BibComment


ยังไม่เคยถูกคอมเมนท์

คอมเมนท์ทรัพยากรรายการนี้
  คอมเมนท์: ด้วยแรงอธิษฐาน กิ..


 Copyright 2026. Bcnsprnw @Library